All kinds of kids / (Record no. 1826)

MARC details
000 -LEADER
fixed length control field 01182cam a2200337 a 4500
001 - CONTROL NUMBER
control field 1826
003 - CONTROL NUMBER IDENTIFIER
control field FISKH
005 - DATE AND TIME OF LATEST TRANSACTION
control field 20231004095842.0
008 - FIXED-LENGTH DATA ELEMENTS--GENERAL INFORMATION
fixed length control field 010620s2002 nyua b 000 1 eng
010 ## - LIBRARY OF CONGRESS CONTROL NUMBER
LC control number 2001003561
020 ## - INTERNATIONAL STANDARD BOOK NUMBER
International Standard Book Number 0516223704
040 ## - CATALOGING SOURCE
Original cataloging agency DLC
Transcribing agency DLC
Modifying agency DLC
Language of cataloging eng
042 ## - AUTHENTICATION CODE
Authentication code lcac
050 00 - LIBRARY OF CONGRESS CALL NUMBER
Classification number PZ8.3.G174
Item number Al 2002
082 00 - DEWEY DECIMAL CLASSIFICATION NUMBER
Classification number 468.6
Edition number 21
100 1# - MAIN ENTRY--PERSONAL NAME
Personal name Gardeski, Christina Mia.
245 10 - TITLE STATEMENT
Title All kinds of kids /
Statement of responsibility, etc. written by Christina Mia Gardeski ; illustrated by Bob McMahon.
260 ## - PUBLICATION, DISTRIBUTION, ETC.
Place of publication, distribution, etc. New York :
Name of publisher, distributor, etc. Scholastic,
Date of publication, distribution, etc. 2002.
300 ## - PHYSICAL DESCRIPTION
Extent 22 pages :
Other physical details color illustrations ;
Dimensions 18 cm
440 #0 - SERIES STATEMENT/ADDED ENTRY--TITLE
Title Rookie reader
505 ## - FORMATTED CONTENTS NOTE
Formatted contents note E<br/>
520 ## - SUMMARY, ETC.
Summary, etc. Children may be different in how they look, what they like to do, and even what they like to eat, but they all have great smiles.
521 8# - TARGET AUDIENCE NOTE
Target audience note 170<br/>
Source Lexile<br/>
521 8# - TARGET AUDIENCE NOTE
Target audience note E<br/>
Source Raz-Plus<br/>
650 #1 - SUBJECT ADDED ENTRY--TOPICAL TERM
Topical term or geographic name entry element Individuality
Form subdivision Fiction.
650 #1 - SUBJECT ADDED ENTRY--TOPICAL TERM
Topical term or geographic name entry element Stories in rhyme.
700 1# - ADDED ENTRY--PERSONAL NAME
Personal name McMahon, Bob,
Dates associated with a name 1956-
Relator term illustrator
906 ## - LOCAL DATA ELEMENT F, LDF (RLIN)
a 7
b cbc
c orignew
d 1
e ecip
f 20
g y-gencatlg
942 ## - ADDED ENTRY ELEMENTS (KOHA)
Source of classification or shelving scheme Dewey Decimal Classification
Koha item type Books
Suppress in OPAC No
Holdings
Withdrawn status Lost status Source of classification or shelving scheme Damaged status Not for loan Collection Home library Current library Shelving location Date acquired Total Checkouts Full call number Barcode Date last seen Price effective from Koha item type
    Dewey Decimal Classification     Non-Fiction Footprints International School Library Network Toul Kork Campus Footprints International School Library Network Toul Kork Campus TK Primary Library Room(4th Floor), Bookcase 7, Shelves 57-60, Dark Green Books 10/04/2023   GAR 468.6 PZ74.G34 FISTK03246 10/04/2023 10/04/2023 Books